Statistics for Fascist Countries Quiz

Click here to take the quiz!

General Stats

  • This quiz has been taken 472 times
  • The average score is 19 of 29

Answer Stats

Years Country % Correct
1933 - 1945Nazi Germany
98%
1922 - 1943Italy
97%
1936 - 1975Nationalist Spain
88%
1940 - 1944Vichy France
85%
1931 - 1945Empire of Japan
84%
1930'sPoland
77%
1932 - 1945Hungary
77%
1932 - 1940United Kingdom
75%
1933 - 1945Austria
74%
1940 - 1944Romania
74%
1932 - 1974Portugal
74%
1932 - 1938 1941 - 1945Republic of China
70%
1936 - 1941Greece
69%
1933 - 1941United States
66%
1923 - 1945Netherlands
65%
1943 - 1945Norway
65%
1929 - 1942Finland
64%
1930's - 1945Belgium
64%
1937 - 1945Brazil
63%
1930 - 1942Mexico
58%
1932 - 1938Chile
53%
1930's - 1940Canada
53%
1941 - 1945Croatia
52%
1931 - Late 1930'sAustralia
49%
1935 - PresentSerbia
48%
1932 - 1933Ireland
46%
1939 - 1944Slovakia
45%
1930's - 1940's 1970's - 1980'sSouth Africa
29%
1936Lebanon
7%

Score Distribution

Percentile by Number Answered

Percent of People with Each Score

Your Score History

You have not taken this quiz